三木鉄道 三木線の駅 - Statistics

General Stats
  • This quiz has been taken 11 times
  • The average score is 8 of 9
Answer Stats
所在地 駅名 % Correct
加古川市 厄神
100%
加古川市 国包
100%
西這田
100%
別所
100%
三木
100%
宗佐
80%
石野
80%
三木市 下石野
60%
高木
60%
No matching quizzes found
Score Distribution
Percent of People with Each Score
Percentile by Number Answered
Your Score History
You have not taken this quiz